000 00329nam a2200133Ia 4500
008 230818s1989 xx 000 0 und d
041 _aeng
100 _aParker
245 _aWine Buyers Giide
260 _bDorling pub.
_c1989
300 _a800p
520 _aHard Board | Reference Copy
999 _c854441
_d854441
650 _aFood and Beverage service